logo

Bir Sreshtho Munshi Abdur Rouf Library
Jhenaidah Cadet College

Analytical Kinematics of Plane Motion Mechanisms / (Record no. 6608)

MARC details
000 -LEADER
fixed length control field 00566nam a22002177a 4500
001 - CONTROL NUMBER
JCCL Control Number 6608
003 - CONTROL NUMBER IDENTIFIER
JCCL marc code BD-JhCC
005 - DATE AND TIME OF LATEST TRANSACTION
control field 20180127105154.0
008 - FIXED-LENGTH DATA ELEMENTS--GENERAL INFORMATION
fixed length control field 180127b xxu||||| |||| 00| 0 eng d
035 ## - SYSTEM CONTROL NUMBER
system control number (BD-JhCC)6608
040 ## - CATALOGING SOURCE
Original cataloging agency BD-JhCC
Modifying agency BD-JhCC
041 ## - LANGUAGE CODE
Language code of Book eng
082 ## - DEWEY DECIMAL CLASSIFICATION NUMBER
Classification number 621.81
Author mark and Year HUC 1958
100 ## - MAIN ENTRY--PERSONAL NAME
Personal name Huckert, Jesse
245 ## - TITLE STATEMENT
Title Analytical Kinematics of Plane Motion Mechanisms /
Statement of responsibility, etc Jesse Huckert
260 ## - PUBLICATION, DISTRIBUTION, ETC. (IMPRINT)
Place of publication, distribution, etc New York :
Name of publisher, distributor, etc The Macmillan Company,
Date of publication, distribution, etc 1958.
300 ## - PHYSICAL DESCRIPTION
Pagination 209 p-. :
Dimensions 25 cm.
650 ## - SUBJECT ADDED ENTRY--TOPICAL TERM
Topical term or geographic name as entry element Machinery
942 ## - ADDED ENTRY ELEMENTS (KOHA)
Source of classification or shelving scheme Dewey Decimal Classification
Koha item type Books
Holdings
Source of classification or shelving scheme Damaged status Not for loan Home library Current library Shelving location Total Checkouts Full call number Barcode Date last seen Copy number Koha item type
Dewey Decimal Classification     JCC Rouf Library JCC Rouf Library General Stacks   621.81 HUC 1958 7518 01/27/2018 C - 1 Books

JCC Library | Contacts | JCC Home

Last Update on 23 September 2017
Copyright @ 2017-2020 JCC Rouf Library
Rouf Library, Jhenidah Cadet College (JCC), Bangladesh